| 000 | 00574nam a22001937a 4500 | ||
|---|---|---|---|
| 005 | 20251108164805.0 | ||
| 008 | 250721s9999 xx 000 0 ara d | ||
| 082 | 1 | 4 | _aط/219.2/صال |
| 100 | 1 | _aصالح، محمد عبدالله | |
| 245 | 1 | 0 | _aغزوة خيبر / |
| 264 | 1 |
_aالقاهرة : _bالفرسان 2000، |
|
| 300 | _a16ص. | ||
| 490 | 0 |
_aغزوات الرسول _v6 |
|
| 650 | 1 | 7 | _aالسير النبويه |
| 650 | 1 | 7 | _aغزوات الرسول |
| 653 | _aاطفال مرحله متوسطه (6-9)سنوات | ||
| 942 |
_2ddc _cBK |
||
| 999 |
_c14428 _d14428 |
||